Statistics for Most Alcohol Deaths Per Capita

Click here to take the quiz!

General Stats

  • This quiz has been taken 67 times
  • The average score is 12 of 25

Answer Stats

#RateAnswer% Correct
214.54Russia
98%
311.40Estonia
89%
108.25Latvia
87%
79.50Ukraine
87%
610.03Belarus
85%
98.57Lithuania
85%
127.22Finland
81%
204.50Germany
76%
137.18Poland
76%
117.78Moldova
68%
147.10Denmark
61%
224.20Brazil
55%
184.62Kazakhstan
52%
234.10Slovenia
47%
156.60Kyrgyzstan
29%
510.37Mongolia
29%
174.72Azerbaijan
23%
244.09Bolivia
23%
118.54El Salvador
19%
410.82Guatemala
18%
88.79Nicaragua
16%
254.04Guyana
15%
194.62Saint Vincent and the Grenadines
6%
164.98Antigua and Barbuda
5%
214.21Equatorial Guinea
2%

Score Distribution

Percentile by Number Answered

Percent of People with Each Score

Your Score History

You have not taken this quiz